Kvalita života pacientů s diabetem mellitem I. typu a novinky v jeho léčbě
Výsledky kvalitatívneho výskumu zameraného na pacientov s ochorením diabetes melitus I. typu. Cieľom výskumu bolo zmapovať, do akej miery ovplyvňuje toto ochorenie kvalitu života u jednotlivých pacientov, porovnať pozitíva a negatíva inzulínovej pumpy a inzulínového pera. Autorov zaujímalo, čoho sa...
Salvato in:
| Autore principale: | |
|---|---|
| Altri autori: | |
| Natura: | Capitolo di libro |
| Lingua: | ceco |
| Soggetti: | |
| Tags: |
Nessun Tag, puoi essere il primo ad aggiungerne!!
|
MARC
| LEADER | 00000naa a2200000 4500 | ||
|---|---|---|---|
| 001 | 0304769 | ||
| 005 | 20241023132308.2 | ||
| 041 | 0 | |a cze | |
| 044 | |a CZ | ||
| 245 | 1 | 0 | |a Kvalita života pacientů s diabetem mellitem I. typu a novinky v jeho léčbě |c Jana Truplová, Lenka Štefanová |
| 520 | |a Výsledky kvalitatívneho výskumu zameraného na pacientov s ochorením diabetes melitus I. typu. Cieľom výskumu bolo zmapovať, do akej miery ovplyvňuje toto ochorenie kvalitu života u jednotlivých pacientov, porovnať pozitíva a negatíva inzulínovej pumpy a inzulínového pera. Autorov zaujímalo, čoho sa pacienti obávajú a ako sa s žije s cukrovkou v rôznych vekových kategóriách. | ||
| 610 | 2 | 0 | |a choroby civilizačné |
| 610 | 2 | 0 | |a starostlivosť o zdravie |
| 610 | 2 | 0 | |a kvalita života |
| 610 | 2 | 0 | |a pacienti |
| 610 | 2 | 0 | |a výskum kvalitatívny |
| 610 | 2 | 0 | |a ošetrovateľstvo |
| 100 | 1 | |a Truplová, Jana | |
| 700 | 1 | |a Štefanová, Lenka | |